Language Quiz

Random Language or French Quiz

French Verbs: Passé Composé with Être Quiz Stats

Quiz Updated Apr 16, 2012

Also try: French: Verbs
Challenge
Share
Tweet
Embed
Score 0/16 Timer 04:00
41 Plays Today
First letter Verb % Correct
Aaller
91.2%
Vvenir
90.2%
Mmourir
88.1%
Ddevenir
87.4%
Nnaître
87.3%
Rrevenir
86.1%
Ssortir
85.1%
Ddescendre
84.5%
First letter Verb % Correct
Ppartir
82.7%
Mmonter
82.3%
Ttomber
82.2%
Eentrer
79%
Rretourner
75.8%
Rrentrer
75.5%
Rrester
74.7%
Aarriver
73.8%

You're not logged in!

Compare scores with friends on all Sporcle quizzes.
Sign Up with Email
OR
Log In

You Might Also Like...

Show Comments

Extras

Top Quizzes Today


Score Distribution

Your Account Isn't Verified!

In order to create a playlist on Sporcle, you need to verify the email address you used during registration. Go to your Sporcle Settings to finish the process.

Report this User

Report this user for behavior that violates our Community Guidelines.

Details: